| 000 | 00703nam a22002177a 4500 | ||
|---|---|---|---|
| 003 | DO-SdBNP | ||
| 005 | 20250708144319.0 | ||
| 007 | ta | ||
| 008 | 110301s1985 dr ac 000 0 spa d | ||
| 040 |
_aDO-SdBNP _bspa _cBNPHU |
||
| 082 | 4 |
_axxxx _bB844s |
|
| 100 | 1 |
_aBretón Martínez, Freddy Antonio de Jesús, _d1947- _eautor _911012 |
|
| 245 | 1 | 0 |
_aSobre la marcha / _cFreddy Bretón ; fotos Juan Rodrìguez ; dibujos Wieslaw Szpila |
| 260 |
_aSanto Domingo : _bAmigo del Hogar, _c1985. |
||
| 300 |
_a109 p. : _bil., retrs. _c18 cm. |
||
| 590 | _aInventariado, 2022/ YL | ||
| 700 | 1 | 2 |
_aRodríguez, Juan _efot. _963300 |
| 700 | 1 | 2 |
_aSzpila, Wieslaw _eil. _982027 |
| 910 | _aYLockward | ||
| 942 |
_2ddc _cLBS1 |
||
| 999 |
_c52193 _d52193 |
||